2013 NFL Pro Bowlers - Statistics

General Stats
  • This quiz has been taken 6 times
  • The average score is 36 of 116
Answer Stats
Position Answer Team % Correct
Running Back Adrian Peterson Minnesota Vikings
100%
Wide Receiver A.J. Green Cincinnati Bengals
100%
Quarterback Alex Smith Kansas City Chiefs
100%
Wide Receiver Andre Johnson Houston Texans
100%
Quarterback Andrew Luck Indianapolis Colts
100%
Wide Receiver Antonio Brown Pittsburgh Steelers
100%
Wide Receiver Calvin Johnson Detroit Lions
100%
Quarterback Cam Newton Carolina Panthers
100%
Linebacker Derrick Johnson Kansas City Chiefs
100%
Wide Receiver Dez Bryant Dallas Cowboys
100%
Quarterback Drew Brees New Orleans Saints
100%
Defensive Tackle Gerald McCoy Tampa Bay Buccaneers
100%
Running Back Jamaal Charles Kansas City Chiefs
100%
Offensive Tackle Jason Peters Philadelphia Eagles
100%
Defensive End J.J. Watt Houston Texans
100%
Wide Receiver Larry Fitzgerald Arizona Cardinals
100%
Running Back LeSean McCoy Philadelphia Eagles
100%
Running Back Marshawn Lynch Seattle Seahawks
100%
Cornerback Patrick Peterson Arizona Cardinals
100%
Quarterback Peyton Manning Denver Broncos
100%
Quarterback Philip Rivers San Diego Chargers
100%
Quarterback Russell Wilson Seattle Seahawks
100%
Quarterback Tom Brady New England Patriots
100%
Running Back Alfred Morris Washington Redskins
67%
Wide Receiver Brandon Marshall Chicago Bears
67%
Running Back DeMarco Murray Dallas Cowboys
67%
Wide Receiver Demaryius Thomas Denver Broncos
67%
Wide Receiver DeSean Jackson Philadelphia Eagles
67%
Safety Earl Thomas Seattle Seahawks
67%
Running Back Frank Gore San Francisco 49ers
67%
Tight End Jason Witten Dallas Cowboys
67%
Tight End Jimmy Graham New Orleans Saints
67%
Offensive Tackle Joe Thomas Cleveland Browns
67%
Wide Receiver Josh Gordon Cleveland Browns
67%
Running Back Matt Forte Chicago Bears
67%
Quarterback Nick Foles Philadelphia Eagles
67%
Cornerback Richard Sherman Seattle Seahawks
67%
Cornerback Brandon Flowers Kansas City Chiefs
33%
Defensive End Cameron Jordan New Orleans Saints
33%
Running Back Eddie Lacy Green Bay Packers
33%
Kicker Justin Tucker Baltimore Ravens
33%
Linebacker Luke Kuechly Carolina Panthers
33%
Defensive End Mario Williams Buffalo Bills
33%
Defensive Tackle Ndamukong Suh Detroit Lions
33%
Linebacker Patrick Willis San Francisco 49ers
33%
Tight End Tony Gonzalez Atlanta Falcons
33%
Offensive Tackle Trent Williams Washington Redskins
33%
Tight End Vernon Davis San Francisco 49ers
33%
Linebacker Ahmad Brooks San Francisco 49ers
0%
Center Alex Mack Cleveland Browns
0%
Wide Receiver Alshon Jeffrey Chicago Bears
0%
Cornerback Alterraun Verner Tennessee Titans
0%
Cornerback Antonio Cromartie New York Jets
0%
Safety Antrel Rolle New York Giants
0%
Cornerback Aqib Talib New England Patriots
0%
Offensive Guard Ben Grubbs New Orleans Saints
0%
Offensive Tackle Branden Albert Kansas City Chiefs
0%
Punter Brandon Fields Miami Dolphins
0%
Cornerback Brent Grimes Miami Dolphins
0%
Linebacker Brian Orakpo Washington Redskins
0%
Defensive End Cameron Wake Miami Dolphins
0%
Returner Cordarrelle Patterson Minnesota Vikings
0%
Cornerback Darrelle Revis Tampa Bay Buccaneers
0%
Returner Dexter McCluster Kansas City Chiefs
0%
Defensive Tackle Dontari Poe Kansas City Chiefs
0%
Safety Donte Whitner San Francisco 49ers
0%
Offensive Tackle Duane Brown Houston Texans
0%
Safety Eric Berry Kansas City Chiefs
0%
Safety Eric Reid San Francisco 49ers
0%
Safety Eric Weddle San Diego Chargers
0%
Offensive Guard Evan Mathis Philadelphia Eagles
0%
Defensive End Greg Hardy Carolina Panthers
0%
Defensive Tackle Haloti Ngata Baltimore Ravens
0%
Offensive Guard Jahri Evans New Orleans Saints
0%
Safety Jairus Byrd Buffalo Bills
0%
Defensive Tackle Jason Hatcher Dallas Cowboys
0%
Long Snapper J.J. Jansen Carolina Panthers
0%
Cornerback Joe Haden Cleveland Browns
0%
Offensive Tackle Joe Staley San Francisco 49ers
0%
Linebacker John Abraham Arizona Cardinals
0%
Punter Johnny Hekker St. Louis Rams
0%
Tight End Jordan Cameron Cleveland Browns
0%
Offensive Tackle Jordan Gross Carolina Panthers
0%
Tight End Julius Thomas Denver Broncos
0%
Special Teamer Justin Bethel New England Patriots
0%
Linebacker Justin Houston Kansas City Chiefs
0%
Defensive End Justin Smith San Francisco 49ers
0%
Safety Kam Chancellor Seattle Seahawks
0%
Offensive Guard Kyle Long Chicago Bears
0%
Defensive Tackle Kyle Williams Buffalo Bills
0%
Offensive Guard Logan Mankins New England Patriots
0%
Offensive Guard Louis Vasquez Denver Broncos
0%
Defensive Tackle Marcell Dareus Buffalo Bills
0%
Fullback Marcel Reece Oakland Raiders
0%
Offensive Guard Marshal Yanda Baltimore Ravens
0%
Special Teamer Matthew Slater Arizona Cardinals
0%
Long Snapper Matt Overton Indianapolis Colts
0%
Kicker Matt Prater Denver Broncos
0%
Center Max Unger Seattle Seahawks
0%
Offensive Guard Mike Iupati San Francisco 49ers
0%
Center Mike Pouncey Miami Dolphins
0%
Fullback Mike Tolbert Carolina Panthers
0%
Linebacker NaVorro Bowman San Francisco 49ers
0%
Center Nick Mangold New York Jets
0%
Linebacker Paul Posluszny Jacksonville Jaguars
0%
Linebacker Robert Mathis Indianapolis Colts
0%
Defensive End Robert Quinn St. Louis Rams
0%
Center Ryan Kalil Carolina Panthers
0%
Kicker Stephen Gostkowski New England Patriots
0%
Linebacker Tamba Hali Kansas City Chiefs
0%
Linebacker Terrell Suggs Baltimore Ravens
0%
Cornerback Tim Jennings Chicago Bears
0%
Safety T.J. Ward Cleveland Browns
0%
Safety Troy Polamalu Pittsburgh Steelers
0%
Offensive Tackle Tyron Smith Dallas Cowboys
0%
Linebacker Vontaze Burfict Cincinnati Bengals
0%
No matching quizzes found
Score Distribution
Percent of People with Each Score
Percentile by Number Answered
Your Score History
You have not taken this quiz